<?xml version="1.0" encoding="UTF-8"?>
<record
    xmlns:xsi="http://www.w3.org/2001/XMLSchema-instance"
    xsi:schemaLocation="http://www.loc.gov/MARC21/slim http://www.loc.gov/standards/marcxml/schema/MARC21slim.xsd"
    xmlns="http://www.loc.gov/MARC21/slim">

  <leader>01216cam a2200265 a 4500</leader>
  <controlfield tag="005">20160419124325.0</controlfield>
  <controlfield tag="008">040311s1991    ck ab   z     00010 spa d</controlfield>
  <datafield tag="040" ind1=" " ind2=" ">
    <subfield code="a">la </subfield>
    <subfield code="c">la</subfield>
    <subfield code="d">CO-BoIAVH</subfield>
  </datafield>
  <datafield tag="041" ind1="0" ind2=" ">
    <subfield code="a">spa</subfield>
  </datafield>
  <datafield tag="044" ind1=" " ind2=" ">
    <subfield code="a">ck</subfield>
  </datafield>
  <datafield tag="082" ind1="0" ind2="4">
    <subfield code="a">631.44 </subfield>
    <subfield code="b">A47e </subfield>
  </datafield>
  <datafield tag="100" ind1="1" ind2=" ">
    <subfield code="a">Alvarado M., Pedro.</subfield>
  </datafield>
  <datafield tag="245" ind1="1" ind2="0">
    <subfield code="a">Estudio semidetallado de suelos sector Carimagua - Gaviotas : </subfield>
    <subfield code="b">Departamento del Meta y Vichada / </subfield>
    <subfield code="c">Pedro Alvarado M., Carlos V&#xE1;squez P., Miguel Aponte ; revisi&#xF3;n del texto Cecilia Bejarano de Carvajal.</subfield>
  </datafield>
  <datafield tag="260" ind1=" " ind2=" ">
    <subfield code="a">Santa Fe de Bogot&#xE1; : </subfield>
    <subfield code="b">Instituto Geogr&#xE1;fico  Agust&#xED;n Codazzi .,</subfield>
    <subfield code="c">1991.</subfield>
  </datafield>
  <datafield tag="300" ind1=" " ind2=" ">
    <subfield code="a">xviii, 336 p&#xE1;ginas : </subfield>
    <subfield code="b">ilustraciones, mapas ; </subfield>
    <subfield code="c">28 x 22 cent&#xED;metros</subfield>
  </datafield>
  <datafield tag="504" ind1=" " ind2=" ">
    <subfield code="a">Incluye bibliograf&#xED;a.</subfield>
  </datafield>
  <datafield tag="650" ind1=" " ind2="6">
    <subfield code="a">Suelos</subfield>
    <subfield code="x"> Investigaciones</subfield>
    <subfield code="z"> Meta (Colombia)</subfield>
  </datafield>
  <datafield tag="650" ind1=" " ind2="6">
    <subfield code="a">Suelos</subfield>
    <subfield code="x"> Investigaciones</subfield>
    <subfield code="z"> Vichada (Colombia)</subfield>
  </datafield>
  <datafield tag="650" ind1=" " ind2="6">
    <subfield code="a">Composici&#xF3;n de suelos</subfield>
    <subfield code="z"> Meta (Colombia)</subfield>
  </datafield>
  <datafield tag="650" ind1=" " ind2="6">
    <subfield code="a">Composici&#xF3;n de suelos</subfield>
    <subfield code="z"> Vichada (Colombia)</subfield>
  </datafield>
  <datafield tag="700" ind1="1" ind2=" ">
    <subfield code="a">V&#xE1;squez P., Carlos.</subfield>
    <subfield code="e">autor</subfield>
  </datafield>
  <datafield tag="700" ind1="1" ind2=" ">
    <subfield code="a">Aponte, Miguel.</subfield>
    <subfield code="e">autor</subfield>
  </datafield>
  <datafield tag="710" ind1="2" ind2=" ">
    <subfield code="a">Instituto Geogr&#xE1;fico  Agust&#xED;n Codazzi </subfield>
    <subfield code="c">(Bogot&#xE1;). </subfield>
    <subfield code="b">, Subdirecci&#xF3;n Agrol&#xF3;gica.</subfield>
  </datafield>
  <datafield tag="942" ind1=" " ind2=" ">
    <subfield code="2">ddc</subfield>
    <subfield code="c">LIBRO</subfield>
  </datafield>
  <datafield tag="999" ind1=" " ind2=" ">
    <subfield code="c">1488</subfield>
    <subfield code="d">1488</subfield>
  </datafield>
  <datafield tag="952" ind1=" " ind2=" ">
    <subfield code="0">0</subfield>
    <subfield code="1">0</subfield>
    <subfield code="2">ddc</subfield>
    <subfield code="4">0</subfield>
    <subfield code="7">0</subfield>
    <subfield code="8">GENERAL</subfield>
    <subfield code="I">INV2017</subfield>
    <subfield code="a">Bogota</subfield>
    <subfield code="b">Bogota</subfield>
    <subfield code="d">1999-09-19</subfield>
    <subfield code="e">Instituto</subfield>
    <subfield code="g">50000.00</subfield>
    <subfield code="l">1</subfield>
    <subfield code="o">LB-631.44  A47e</subfield>
    <subfield code="p">002066</subfield>
    <subfield code="r">2020-02-11 00:00:00</subfield>
    <subfield code="s">2020-02-11</subfield>
    <subfield code="t">Ej. 1</subfield>
    <subfield code="w">2012-12-04</subfield>
    <subfield code="y">LIBRO</subfield>
  </datafield>
</record>
